000 00498nam a2200193Ia 4500
005 20260531145104.0
008 260531s9999 xx 000 0 und d
020 _a9789332519343
041 _aEnglish
082 _a681.3.423.1 GOE
100 _aGoel (Anita)
245 0 _aComputer Fundamentals and Programming in C
260 _bPeaeson Education
_aNew Delhi
_c2013
300 _bPaper Back
_aIR Pages
563 _aPaper Back
650 _a C
700 _aMittal (Ajay)
942 _cBK
999 _c195031
_d195031